000 00803nam a22002057a 4500
003 OSt
005 20150408114054.0
008 120729s ua ||||f |||| 00| 0 eng d
020 _a9789773164010
040 _aMU
082 _221
_a330.1
_bز ف ا
100 _aالزيات، فتحي
_916698
245 _aاقتصاد المعرفة :
_bنحو منظور أشمل للأصول المعرفية : الحرية والديموقراطية والعدالة الاجتماعية أصولا معرفية /
_cفتحي الزيات.
250 _aط. 1.
260 _aالقاهرة :
_bدار النشر للجامعات،
_c2011
300 _a732 ص. :
_bجداول ؛
_c24 سم.
504 _aببليوجرافية : ص. 709-731.
650 _aالاقتصاد
_xفلسفة.
_916699
942 _2ddc
_cDVD
999 _c25293
_d259793